MARC details
| 000 -LEADER |
| campo de control de longitud fija |
02503nka a2200385 i 4500 |
| 001 - NÚMERO DE CONTROL |
| campo de control |
102931 |
| 003 - IDENTIFICADOR DE NÚMERO DE CONTROL |
| campo de control |
ES-MaACL |
| 005 - FECHA Y HORA DE LA ÚLTIMA TRANSACCIÓN |
| campo de control |
20250831105021.0 |
| 007 - CAMPO FIJO DE DESCRIPCIÓN FÍSICA--INFORMACIÓN GENERAL |
| campo de control de longitud fija |
t| |
| 008 - DATOS DE LONGITUD FIJA--INFORMACIÓN GENERAL |
| campo de control de longitud fija |
051220q1858 sp f | |r||1c|spa d |
| 100 1# - ENTRADA PRINCIPAL--NOMBRE DE PERSONA |
| Nombre de persona |
Martínez Aparici, Domingo, |
| Fechas asociadas al nombre |
1822-1898 |
| Término indicativo de función/relación |
Dibujante |
| -- |
Grabador |
| 9 (RLIN) |
77862 |
| 245 14 - MENCIÓN DEL TÍTULO |
| Título |
[El patricio revela su sueño al papa] |
| Medio |
[Material gráfico] / |
| Mención de responsabilidad, etc. |
B. E. Murillo lo pintó ; D. Martínez lo dibujó y grabó en 1858 |
| 260 ## - PUBLICACIÓN, DISTRIBUCIÓN, ETC. |
| Lugar de publicación, distribución, etc. |
[Madrid] : |
| Nombre del editor, distribuidor, etc. |
Calcografía de la Imp. Nacional, |
| Fecha de publicación, distribución, etc. |
[1858] |
| 300 ## - DESCRIPCIÓN FÍSICA |
| Extensión |
1 estampa : |
| Otras características físicas |
grabado calcográfico ; |
| Dimensiones |
700 x 450 mm |
| 490 1# - MENCIÓN DE SERIE |
| Mención de serie |
Colección facticia de grabados ; |
| Designación de volumen o secuencia |
11 |
| RLIN |
184692 |
| 500 ## - NOTA GENERAL |
| Nota general |
Inscripción: "Nonis Augusti, Joanni ejusque uxori scorsum Virgo Mater visa est nivem demissam referre, ipsosque jubere, ut in eo loco, quem nix occupasset, templum suis sumptibus aedificarent. Hanc visionem cum Joannes ad Liberium Pontificem retulisset, idem sibi visum contigisse Pontifex asseveravit" |
| 520 ## - RESUMEN, ETC. |
| Sumario, etc. |
Copia del cuadro de Murillo que se conserva en el Museo del Prado, formando pareja con "El sueño del patricio Juan", ambos sobre la fundación de Santa María Maggiore en Roma. Composición en medio punto, en los ángulos, en círculos, planta y alzado de la iglesia. Murillo dividió el milagro de la fundación de la Basílica de Santa María la Mayor en 2 partes; esta estampa representa la segunda parte, siendo la primera "El sueño del patricio Juan" |
| 530 ## - NOTA DISPONIBLE DE FORMULARIO FÍSICO ADICIONAL |
| Nota de formato físico adicional disponible |
Disponible en formato digital |
| 594 ## - Nota al título y mención de responsabilidad |
| a |
Título del cuadro de Murillo: "El patricio revela su sueño al papa Liberio" |
| 600 04 - PUNTO DE ACCESO ADICIONAL DE MATERIA--NOMBRE DE PERSONA |
| Nombre de persona |
Liberio, |
| Títulos y otros términos asociados al nombre |
Papa |
| 9 (RLIN) |
241809 |
| 610 20 - PUNTO DE ACCESO ADICIONAL DE MATERIA--NOMBRE DE ENTIDAD CORPORATIVA |
| Nombre de entidad corporativa o nombre de jurisdicción como elemento de entrada |
Iglesia de Santa Maria Maggiore (Roma) |
| 9 (RLIN) |
241946 |
| 655 #7 - TERMINO DE INDIZACIÓN--GENERO/FORMA |
| Datos o término principal de género/forma |
Grabados calcográficos |
| Fuente del término |
tgfbne |
| 9 (RLIN) |
241761 |
| 655 #7 - TERMINO DE INDIZACIÓN--GENERO/FORMA |
| Datos o término principal de género/forma |
Grabados |
| Fuente del término |
tgfbne |
| 9 (RLIN) |
226846 |
| 655 #4 - TERMINO DE INDIZACIÓN--GENERO/FORMA |
| Datos o término principal de género/forma |
Reproducciones de obras de arte |
| 9 (RLIN) |
241931 |
| 700 1# - ENTRADA AGREGADA--NOMBRE PERSONAL |
| Nombre de persona |
Murillo, Bartolomé Esteban, |
| Fechas asociadas al nombre |
1617-1682 |
| Término indicativo de función/relación |
Artista |
| 9 (RLIN) |
84581 |
| 710 2# - ENTRADA AGREGADA--NOMBRE DE ENTIDAD CORPORATIVA |
| Nombre de entidad corporativa o nombre de jurisdicción como elemento de entrada |
Calcografía Nacional (España) |
| Término indicativo de función/relación |
Editor |
| 9 (RLIN) |
2350 |
| 740 32 - ENTRADA AGREGADA--TÍTULO RELACIONADO/ANALÍTICO NO CONTROLADO |
| Título relacionado o analítico no controlado |
La fundación de Santa Maria Maggiore de Roma II |
| 830 #0 - PUNTO DE ACCESO ADICIONAL DE SERIE-TÍTULO UNIFORME |
| Título uniforme |
Colección facticia de grabados ; |
| Designación de volumen o secuencia |
11 |
| 9 (RLIN) |
184692 |
| 852 4# - LOCALIZACIÓN |
| Ubicación |
ES-MaACL |
| Ubicación en estantería |
Depósito 2 |
| Número de control de estantería |
GF-2(11) |
| 856 4# - LOCALIZACIÓN Y ACCESO ELECTRÓNICOS |
| Identificador Uniforme de Recursos |
<a href="https://www.academiacolecciones.com/estampas/inventario.php?id=GR-1558">https://www.academiacolecciones.com/estampas/inventario.php?id=GR-1558</a> |
| Texto de enlace |
Versión en línea |
| Nota pública |
(Real Academia de Bellas Artes de San Fernando) |
| 856 4# - LOCALIZACIÓN Y ACCESO ELECTRÓNICOS |
| Identificador Uniforme de Recursos |
<a href="https://patrimoniodigital.ucm.es/s/patrimonio/item/1534048">https://patrimoniodigital.ucm.es/s/patrimonio/item/1534048</a> |
| Texto de enlace |
Versión en línea |
| Nota pública |
(Patrimonio Digital Complutense) |
| 942 ## - ELEMENTOS DE ENTRADA SECUNDARIOS (KOHA) |
| Fuente del sistema de clasificación o colocación |
Clasificación decimal universal |
| Tipo de ítem Koha |
Grabado |
| Suprimir en OPAC |
No |